000 01153nam a2200313 i 4500
001 000039597
003 DO-SdBNP
005 20250606125417.0
007 ta
008 130709s1996 dr ac r 000 0 spa d
040 _aDO-SdBNP
_bspa
_cBNPHU
_erda
041 _aspa
082 4 _a972.93
_bM385m 1996
_222
100 1 _aMartínez Almanzar, Juan Francisco,
_d1950 -
_eautor
_4aut.
_910459
245 1 0 _aManual de historia crítica dominicana /
_cJuan Francisco Martínez Almánzar.
250 _aOctava edición
264 1 _aSanto Domingo :
_bCentro de Adiestramiento e Investigación Social,
_c1996.
300 _a584 páginas :
_bilustraciones, retratos;
_c21 cm.
336 _atexto
_btxt
_2rdacontent
337 _asin mediación
_bn
_2rdamedia
338 _avolumen
_bnc
_2rdacarrier
500 _aIncluye datos biográficos del autor en la contracubierta.
504 _aBibliografía : páginas 577-584.
590 _aInventariado, 2025/BT
651 4 _aRepública Dominicana
_xHistoria
_9170
651 4 _aIsla Española (Haití y República Dominicana)
_xHistoria
_938883
910 _aValidado. Control de calidad. EMS
942 _2ddc
_cLBS1
999 _c39087
_d39087